000 00847nam a22002897a 4500
001 BR8306489
003 BR-BrBNA
005 20230928091830.0
007 ta
008 230509b bl.||||| |||| 00| 0 por d
040 _aBR-BrBNA
_bpor
_cBiblioteca Nacional de Agricultura
041 _a(Por)
072 _aL60
_b6700
_b/G514
090 _ 6700 BR8306489
100 1 _aAguirre, A.C.
100 1 _aAldrighi, A.D.
110 1 _aInstituto Brasileiro de Desenvolvimento Florestal, Rio de Janeiro, RJ (Brasil)
_95750
245 1 _aCatalogo das aves do Museu da Fauna
_bprimeira parte
260 3 _aRio de Janeiro, RJ (Brasil):
_c1983.
300 _a143 p.
650 _aAVE ORNAMENTAL
650 _aAVE SELVAGEM
650 _aTAXONOMIA ANIMAL
650 _aDISTRIBUICAO GEOGRAFICA
909 _a202309
_bLucia
_c55
_dLucia Elande
942 _cBK
999 _c35768
_d35768